000 02029nam0a2200373 i 4500
001 RU\NLR\BIBL_A\010712670
005 20241101220420.0
010 _a9785906759108
_91000
021 _aRU
_b2015-10102
_9617
035 _a(NILC)RuMoRGB-007872633
035 _a(NLR Aleph) 010712670
090 _a9780228
_c9780228
100 _a20150401d2015 k y0rusy50 ca
101 0 _arus
102 _aRU
105 _aa j 001yy
200 1 _aАнатомия собаки
_eучебное пособие для студентов высших учебных заведений, обучающихся по специальности "Ветеринария"
_fН.В. Зеленевский, К.В. Племяшов, М.В. Щипакин, К.Н. Зеленевский
210 _aСанкт-Петербург
_cИнформационно-консалтинговый центр
_d2015
215 _a249, [18] с.
_cил., цв. ил.
_d30
300 _aНа обороте тит. л. авт.: д. вет. н., проф. Зеленевский Н.В., д. вет. н., проф. Племяшов К.В., к. вет. н., доц. Щипакин М.В., к. вет. н. Зеленевский К.Н.
320 _aБиблиогр. в конце кн. (12 назв.)
320 _aУказ. терминов в конце кн.
606 _aСобаки
_jУчебные издания для высших учебных заведений
_xАнатомия
_91026394
_3RU\NLR\AUTH\6675384
686 1 _aП673-266я73
701 1 _aЗеленевский
_bН. В.
_gНиколай Вячеславович
701 0 _aПлемяшов
_bК. В.
_gКирилл Владимирович
701 1 _aЩипакин
_bМ. В.
_gМихаил Валентинович
701 1 _aЗеленевский
_bК.Н.
_gКонстантин Николаевич
801 0 _aRU
_bРГБ
_c20150219
_gRCR
801 1 _aRU
_bРГБ
_c20150219
_2rusmarc
942 _cBOOK
980 _aNBR